[Event "Brno Gargulak Memorial-B"]
[Site "Brno"]
[Date "2004.??.??"]
[Round "10"]
[White "Turza, Pavel"]
[Black "Licka, Vlastimil"]
[Result "0-1"]
[WhiteElo "1705"]
[BlackElo "1905"]
[PlyCount "60"]
[EventDate "2004.??.??"]
[EventType "tourn"]
[EventRounds "11"]
[EventCountry "CZE"]
[SourceTitle "EXT 2007"]
[Source "ChessBase"]
[SourceDate "2006.11.23"]
[SourceVersion "1"]
[SourceVersionDate "2006.11.23"]
[SourceQuality "1"]

1. c4 e5 2. Nc3 Nf6 3. Nf3 Nc6 4. g3 g6 5. Bg2 Bg7 6. d3 0-0 7. h3 d6 8. g4 Nd4 9. Be3 c5 10. Nd2 Rb8 11. Bxd4 exd4 12. Nd5 Nxd5 13. Bxd5 Bh6 14. Kf1 Kh8 15. Kg2 f5 16. Nf1 Qf6 17. Qe1 Bf4 18. Bf3 fxg4 19. hxg4 Qg5 20. Ng3 Bxg4 21. Bxg4 Qxg4 22. Rh3 Rbe8 23. Qh1 h5 24. Re1 Re5 25. Rh4 Qg5 26. Kh3 Bxg3 27. fxg3 Rf2 28. Re4 Qf5+ 29. Kh4 Rxe4+ 30. Qxe4 Rh2# 0-1